The impact of Christianity on the non-Christian world. (Record no. 20488)

MARC details
000 -LEADER
fixed length control field 01006cam a22002531 4500
001 - CONTROL NUMBER
control field 7883467
005 - DATE AND TIME OF LATEST TRANSACTION
control field 20050803184550.0
008 - FIXED-LENGTH DATA ELEMENTS--GENERAL INFORMATION
fixed length control field 770621s1948 xx 000 0 eng
010 ## - LIBRARY OF CONGRESS CONTROL NUMBER
LC control number 48004011
035 ## - SYSTEM CONTROL NUMBER
System control number (OCoLC)3058975
040 ## - CATALOGING SOURCE
Original cataloging agency DLC
Transcribing agency OC
Modifying agency DLC
042 ## - AUTHENTICATION CODE
Authentication code premarc
050 00 - LIBRARY OF CONGRESS CALL NUMBER
Classification number BV2063
Item number .B35 1948
082 ## - DEWEY DECIMAL CLASSIFICATION NUMBER
Classification number 266.01
100 1# - MAIN ENTRY--PERSONAL NAME
Personal name Bavinck, Johan Herman,
Dates associated with a name 1895-1965.
245 14 - TITLE STATEMENT
Title The impact of Christianity on the non-Christian world.
260 ## - PUBLICATION, DISTRIBUTION, ETC. (IMPRINT)
Place of publication, distribution, etc Grand Rapids,
Name of publisher, distributor, etc W. B. Eerdmans Pub. Co.,
Date of publication, distribution, etc 1948.
300 ## - PHYSICAL DESCRIPTION
Extent 183 p.
Dimensions 21 cm.
500 ## - GENERAL NOTE
General note "Consists chiefly of lectures ... delivered at Calvin Theological Seminary and before various other academic and popular audiences ... in the autumn of 1947."
650 #0 - SUBJECT ADDED ENTRY--TOPICAL TERM
Topical term or geographic name as entry element Missions
General subdivision Theory.
906 ## - LOCAL DATA ELEMENT F, LDF (RLIN)
a 7
b cbc
c oclcrpl
d u
e ncip
f 19
g y-gencatlg
942 ## - ADDED ENTRY ELEMENTS (KOHA)
Source of classification or shelving scheme Library of Congress Classification
Item type Book
Holdings
Withdrawn status Lost status Source of classification or shelving scheme Damaged status Not for loan Collection code Home library Current library Shelving location Date acquired Source of acquisition Total Checkouts Full call number Barcode Date last borrowed Copy number Price effective from Koha item type
    Library of Congress Classification     Non-fiction Nairobi Campus Nairobi Campus General Circulation 06/01/2010 Purchase 5 BV2063 .B35 1948 015320 02/08/2014 1 06/01/2010 Book